LIBRARY & INFORMATION CENTRE, KCAET, TAVANUR

ONLINE PUBLIC ACCESS CATALOGUE (OPAC)

Panam muthal paisa vare / (Record no. 4639)

MARC details
000 -LEADER
fixed length control field 00409cam a2200169ua 4500
041 ## - LANGUAGE CODE
Language code of text/sound track or separate title mal
082 ## - DEWEY DECIMAL CLASSIFICATION NUMBER
Classification number 332.4
Item number DAM/PA
100 ## - MAIN ENTRY--AUTHOR NAME
Personal name Damordaran, K .
245 ## - TITLE STATEMENT
Title Panam muthal paisa vare /
260 ## - PUBLICATION, DISTRIBUTION, ETC. (IMPRINT)
Place of publication Eranakulam :
Name of publisher Prabhath Book House ,
Year of publication 1959.
300 ## - PHYSICAL DESCRIPTION
Number of Pages 39 ; .
942 ## - ADDED ENTRY ELEMENTS (KOHA)
Koha item type Books
Holdings
Withdrawn status Lost status Damaged status Home library Current library Date acquired Cost, normal purchase price Full call number Accession Number Koha item type
Withdrawn     KAUAET KAUAET 07/04/2012 0.50 332.4 67 Books
free website counter